01022naa#a2200193#i#4500001001600000005001700016011001400033100004100047102000700088200017100095210012800266215001000394608004500404675021700449700004400666700004600710700005200756856002000808RU\\bibl\12028520260416225108.4##a1819-4036##a20210331b2021####ek#y0rusy0150####ca##aRU1#aПЕРЕВАРИМОСТЬ КОРМОВ КУРАМИ ПРИ ИСПОЛЬЗОВАНИИ РЫБНОЙ КОРМОВОЙ ДОБАВКИeЖурнальная статья1#aКрасноярскcКрасноярский государственный аграрный университетd2021##a4 с.##aЖурнальная статья2local##aОбщее животноводство. Разведение млекопитающих животных и птиц. Скотоводство. Домашние животные и их разведение. 636#1aЦойgЗоя Владимировна#1aНикулинgЮрий Петрович#1aНикулинаgОльга Азгатовна4#avestnik.kgau.ru